| 000 -LEADER |
| fixed length control field |
00998nam a22001097a 4500 |
| 008 - FIXED-LENGTH DATA ELEMENTS--GENERAL INFORMATION |
| fixed length control field |
160425b xxu||||| |||| 00| 0 eng d |
| 100 ## - MAIN ENTRY--AUTHOR'S NAME |
| Author's Name |
Christensen, Sten |
| 245 ## - TITLE STATEMENT |
| Title |
The private local posts of Denmark |
| 260 ## - PUBLICATION, DISTRIBUTION, ETC. (IMPRINT) |
| Place of publication, distribution, etc. |
Trelleborg, Sweden |
| Name of publisher, distributor, etc. |
Trelleborg Philatelic Society |
| Date of publication, distribution, etc. |
1974 |
| 650 ## - TOPICAL TERM (Tag) |
| Topical term or geographic name |
Denmark | Locals and Private Posts | Cinderella Material | Parcel Stamps | Railway Parcel Stamps | Postal History | Postal Markings | Covers | Catalogs and Price Lists | Stamps -- Histories | Production | Plates and Plating | Sheets and Panes | Blocks | Errors and Varieties | Imperforate Issues | Perforation | Printing | Essays and Proofs | Color Trials | Color | Designs | Overprints and Surcharges | Provisionals and Forerunners | Forgeries and Counterfeits | Postal Stationery | Postal Stationery -- Cards | Reply Cards | Post Cards | Reply Cards and Envelopes | Express Companies | Express Mail | Parcel Post | Transportation of Mail | Postal Service | Postal Rates | Copenhagen |
| 700 ## - SECONDARY AUTHOR, EDITOR OR ILLUSTRATOR |
| Personal Name |
Ringstrom, Sigurd |